| 000 | 00468nam a22001697a 4500 | ||
|---|---|---|---|
| 005 | 20251108165512.0 | ||
| 008 | 250721s1992 xx 000 0 ara d | ||
| 082 | 1 | 4 | _a615.89/شلق |
| 100 | 1 | _aشلق، علي | |
| 245 | 1 | 0 | _aالطب عند العرب / |
| 264 | 1 |
_aطرابلس (لبنان) : _bجروس برس، _c1992. |
|
| 300 | _a248ص. | ||
| 650 | 1 | 7 | _aالطب الشعبي |
| 650 | 1 | 7 | _aالنباتات الطبية |
| 942 |
_2ddc _cBK |
||
| 999 |
_c29420 _d29420 |
||